LEADER 01057nam a2200265 i 4500 001 000000056316 003 CaOOAMICUS 005 20091112000000.0 008 091112s1979 it u000 u ita u 013 $a27488 020 $a88-01-10941-5 040 $aSeMil$bita 100 1 $aOlgiati, Luigi <1921->.$0(OLS)http://semarc/name/15373 245 13$aLa catechesi e la parrocchia, chiesa locale /$cLuigi Olgiati. 260 $aLeumann (Torino) :$bElle Di Ci,$c1979. 300 $a79 p. ;$c19 cm. 490 0 $aPiccole guide pastorali ;$v8 650 4$aCatechesi.$0(OLS)http://semarc/subject/3693 830 0$aPiccole guide pastorali ;$v8.$0(OLS)http://semarc/title/6665 850 $aSeMil 852 $aSeMil$W1$xVenegono$y1$m2F I 224$j22470$B22470$CSeMilBibl$Z2$F22472 $81 961 $aOmaggio: Deposito 996 $6020$a88-01-10941-5$9(OLS)http://semarc/number/31478 996 $6245$aLa catechesi e la parrocchia, chiesa locale$9(OLS)http://semarc/title/87524 996 $6260$aLeumann (Torino) :$bElle Di Ci$9(OLS)http://semarc/publisher/29809 LEADER 01219nam a2200277 i 4500 001 000000098663 003 CaOOAMICUS 005 20220124161220.0 008 180405s1971 it u000 u ita u 013 $a70815 040 $aSeMil$bita 245 10$aPer conoscere Ungaretti :$b[un'antologia delle opere] /$ca cura di Leone Piccioni. 260 $aMilano :$bMondadori,$c1971. 300 $a461 p. ;$c19 cm. 490 0 $aOscar Mondadori ;$vL27 500 $aContiene : Cronologia della vita e delle opere di Ungaretti ; Bibliografia ; Breve antologia di giudizi della critica italiana. 600 14$aUngaretti, Giuseppe <1888-1970>.$0(OLS)http://semarc/subject/2846 650 4$aPoesia.$0(OLS)http://semarc/subject/5458 700 1 $aPiccioni, Leone,$d<1925-2018>.$0(OLS)http://semarc/name/90407 830 0$aOscar ;$vL27.$0(OLS)http://semarc/title/8669 850 $aSeMil 852 $aSeMil$W1$xVenegono$y1$m1O I 261$j56416$B56416$CSeMilBibl$Z2$F66174 $81 961 $aRecupero: Seminario di Seveso 996 $6245$aPer conoscere Ungaretti :$b[un'antologia delle opere]$9(OLS)http://semarc/title/406329 996 $6260$aMilano :$bMondadori$9(OLS)http://semarc/publisher/30335